| 000 | 00000nam##2200000za#4500 |
| 001 | 9.613755 |
| 003 | CaOODSP |
| 005 | 20211126112847 |
| 007 | ta |
| 008 | 150406|1997||||xxc||||| f|0| 0 eng|d |
| 020 | |a0-662-25663-8 |
| 022 | |a1192-5434 |
| 040 | |aCaOODSP|beng |
| 043 | |an-cn--- |
| 086 | 1 |aFB3-2/97-8E |
| 110 | 2 |aBank of Canada. |
| 245 | 10|aImplementation of monetary policy in a regime with zero reserve requirements / |cby Kevin Clinton. |
| 260 | |aOttawa - Ontario : |bBank of Canada |c1997. |
| 300 | |a16p. : |bgraphs, references ; |c28 cm. |
| 490 | 1 |aWorking paper|x1192-5434|v97-8 |
| 500 | |a"This paper outlines a general framework for implementing monetary policy in a regime with zero reserve requirements, focusing on the case of Canada."--Introduction and summary. |
| 520 | 3 |aThis paper outlines a general framework for implementing monetary policy in a regime with zero reserve requirements, focusing on the case of Canada.--Introduction and summary |
| 546 | |aRésumés en français |
| 563 | |aSoftcover |
| 590 | |a97-16|b1997-04-18 |
| 720 | 1 |aClinton, Kevin |
| 776 | 0#|tImplementation of monetary policy in a regime with zero reserve requirements / |w(CaOODSP)9.571675 |
| 830 | #0|aWorking paper,|x1192-5434|v97-8|w(CaOODSP)9.514622 |